| 000 | 00920cam a2200277 a 4500 | ||
|---|---|---|---|
| 001 | 000020210 | ||
| 005 | 20200929170320.0 | ||
| 008 | 100520s1976 sp r 000 m spa d | ||
| 020 | _a8423900983 | ||
| 040 |
_aDO-SdBNP _bspa _cBNPHU |
||
| 082 |
_a861.1 _bR934L, 1976 |
||
| 100 | 1 |
_aRuiz, Juan _d1283?-1351? _qJuan Ruiz _942804 |
|
| 245 | 1 | 0 |
_aLibro de buen amor / _cJuan Ruiz (Arcipreste de Hita.). |
| 250 | _a14a ed. | ||
| 260 |
_aMadrid, (España) : _bEspasa-Calpe, _c1976. |
||
| 300 |
_a162 p. ; _c18 cm. |
||
| 490 | 1 |
_aAustral. Negra: viajes y reportajes _v98 |
|
| 504 | _aIncluye referencias bibliográficas | ||
| 650 | 4 |
_aPoesía española _9631 |
|
| 650 | 4 |
_aPoesía amorosa española _915046 |
|
| 650 | 4 |
_aLiteratura española _9632 |
|
| 700 | 1 |
_aPérez, Flor de Ma., _eed. _942805 |
|
| 830 | 0 |
_aAustral. _pNegras. Viajes y reportajes; _v98 _942806 |
|
| 910 | _aCatalogación derivada / LC | ||
| 049 | _aBNGR | ||
| 999 |
_c19716 _d19716 |
||